000 00402 a2200157 4500
005 20250516112357.0
020 _a0070649685
082 _aLECT 373.246 TON
100 _aTONNE, H. A.
245 _aPrinciples of Business Education
250 _a4th Ed.
260 _aNew York,
_bMcGraw-Hill,
_c1970.
300 _avi, 532p.: ill.; table.
_bIndex,
_c23cm.
700 _aNANASSY, L. C.
942 _2ddc
_cBKS
999 _c2393
_d2393